Statistics for 1 Minute Quiz: Meerkat Quiz

Click here to take the quiz!

General Stats

  • This quiz has been taken 24 times
  • The average score is 6 of 10

Answer Stats

QuestionAnswer% Correct
What company has a meerkat as their logo?Compare The Market
83%
What is the meerkat's scientific name?Suricata Suricatta
83%
What colour are meerkats?Beige
78%
What is their classification?Mammal
78%
What is their habitat?Desert
67%
What is their lifespan in the wild?12-14 years
56%
What is their IUCN status?Least Concern
56%
What part of Africa are meerkats native to?Southwest
39%
How long (on average) is their tale?19cm
22%
What is their top speed?32km/h
11%

Score Distribution

Percentile by Number Answered

Percent of People with Each Score

Your Score History

You have not taken this quiz